Κατάλογος Βιβλιοθηκών Mediterranean College

Αγορές Χρήματος και Κεφαλαίου (Record no. 3771)

MARC details
000 -LEADER
fixed length control field 01810cam a22001934a 4500
005 - ΗΜΕΡΟΜΗΝΙΑ ΚΑΙ ΩΡΑ ΤΕΛΕΥΤΑΙΑΣ ΕΝΗΜΕΡΩΣΗΣ
Πεδίο ελέγχου 20250605164125.0
008 - FIXED-LENGTH DATA ELEMENTS--GENERAL INFORMATION
Πεδίο ελέγχου σταθερού μήκους 250528s ||||||||||||||||||||||||d
035 ## - SYSTEM CONTROL NUMBER
System control number 18410
040 ## - ΠΗΓΗ ΚΑΤΑΛΟΓΟΓΡΑΦΗΣΗΣ
Φορέας πρωτότυπης καταλογογράφησης MC Athens Campus Library
Γλώσσα καταλογογράφησης Ελληνικά, Μοντέρνα (1453-)
Modifying agency MC Athens Campus Library
Κανόνες περιγραφικής καταλογογράφησης AACR2
245 1# - ΤΙΤΛΟΣ ΚΑΙ ΔΗΛΩΣΗ ΥΠΕΥΘΥΝΟΤΗΤΑΣ
Τίτλος Αγορές Χρήματος και Κεφαλαίου
260 ## - PUBLICATION, DISTRIBUTION, ETC.
Name of publisher, distributor, etc. Αντ. Ν. Σάκκουλα,
Date of publication, distribution, etc. 1990
300 ## - PHYSICAL DESCRIPTION
Extent 308
520 ## - SUMMARY, ETC.
Summary, etc. Τραπεζική Επιστήμη - Θεωρία και Πράξη - Σειρά: Εγχειρίδια. Περιεχόμενα, Πρόλογος, Το Χρηματοπιστωτικό Σύστημα, Εισαγωγή στην Αποτίμηση Αξιογράφων, Η Σχέση Απόδοσης και Κινδύνου: Θεωρία Χαρτοφυλακίου και το Υπόδειγμα Αποτίμησης Κεφαλαιακών Στοιχείων, Εμπειρικοί Έλεγχοι του Υποδείγματος Αποτίμησης Κεφαλαιακών Στοιχείων, Η Υπόθεση της Ορθολογικής Κεφαλαιαγοράς, Εξελίξεις των Αγορών Χρήματος και Κεφαλαίου στις Ευρωπαϊκές Χώρες, Νέα Χρηματοοικονομικά Εργαλεία, Εισαγωγή στα Προθεσμιακά Συμβόλαια, Προθεσμιακά Συμβόλαια και Αντιστάθμιση του Κινδύνου (Hedging), Ο Σχηματισμός των Προθεσμιακών Τιμών Εμπορευμάτων, Χρηματοοικονομικά Δικαιώματα, Υποδείγματα Αποτίμησης Δικαιωμάτων, Βιβλιογραφία.
700 1# - ΠΡΟΣΘΕΤΗ ΑΝΑΓΡΑΦΗ--ΦΥΣΙΚΟ ΠΡΟΣΩΠΟ
Personal name Θωμαδάκης Σταύρος Β
9 (RLIN) 4684
700 1# - ΠΡΟΣΘΕΤΗ ΑΝΑΓΡΑΦΗ--ΦΥΣΙΚΟ ΠΡΟΣΩΠΟ
Personal name Ξανθάκης Μανώλης
942 ## - ADDED ENTRY ELEMENTS (KOHA)
Koha item type Books
Holdings
Τύπος τεκμηρίου Βιβλιοθήκη Τρέχουσα τοποθεσία Barcode Αριθμός εισαγωγής Ημερομηνία απόκτησης Ταξιθετικό σύμβολο Αριθμός αντιτύπου Κατάσταση απόσυρσης Κατάσταση χαμένου Κατάσταση κατεστραμμένου Μη δανεισμός Σύνολο δανεισμών Ημερομηνία τελευταίας εμφάνισης Η τιμή ισχύει από
Books MC Athens Campus Library MC Athens Campus Library 9780000037701 3086 05/06/2025 332.1 THO 1           05/06/2025 05/06/2025

MC Athens Campus Library
Πατησίων 94 & Κοδριγκτώνος 13, 104 34
Πελλήνης 8 & Πατησίων 107, 112 51
Τ: +30 210 8899600

MC Thessaloniki Campus Library
Ίωνος Δραγούμη 21, 54625 | Ίωνος Δραγούμη 15, 54625
Τ: +30 2310 287779 – Τ: +30 2314 440300